Περιπέτειες στο Τζιμπούτι : μυθιστόρημα

Saved in:
Bibliographic Details
Main Author: Βαλσάμη, Άννα
Format: Book
Language:Greek
Published: [χ.τ.] : Δίφρος, [χ.χ.]
Subjects:
Tags: Add Tag
No Tags, Be the first to tag this record!

MARC

LEADER 00000cam a2200000 i 4500
001 1/80132
008 050706s1970 gre d
035 |l 10078946 
040 |a GR-MY-UA  |b gre  |e aacr 
041 0 |a gre 
082 0 |a 889.34  |2 (22) 
100 1 |a Βαλσάμη, Άννα. 
245 1 0 |a Περιπέτειες στο Τζιμπούτι :  |b μυθιστόρημα /  |c Άννας Βαλσάμη 
260 |a [χ.τ.] :   |b Δίφρος,   |c [χ.χ.] 
300 |a 337 σ.;  |c 22 εκ. 
500 |a Με: Το πράσινο φώς / Lloyd C. Douglas. - Tαξίδια και λογισμοί Κύπρος / Γουδέλης Γιάνης 
650 0 0 |a Greek fiction. 
650 0 0 |a Greek literature, Modern. 
852 |a INST  |b RHODES  |c KRI  |e 20050706  |h  889.34 ΒΑΛ  |p 005400023033  |q 005400023033  |t BK  |y 0 
901 |a BIBL4-2005-2 
909 |a Ρ  |b 111067 
970 |a ΣΙΔΕΡΗ  |b ΝΕΚΤΑΡΙΑ  |z 2005/07/06